[Event "ROM-ch U10"]
[Site "Calimanesti"]
[Date "2018.03.31"]
[Round "6"]
[White "Iancu, Cezar Stefan"]
[Black "Firuta, Rafael"]
[Result "0-1"]
[WhiteElo "1001"]
[BlackElo "1142"]
[PlyCount "114"]
[EventDate "2018.03.27"]
[EventType "swiss"]
[EventRounds "9"]
[EventCountry "ROU"]
[SourceTitle "CBM 183 Extra"]
[Source "ChessBase"]
[SourceDate "2018.04.19"]
[SourceVersion "1"]
[SourceVersionDate "2018.04.19"]
[SourceQuality "1"]

1. e4 c5 2. Nf3 Nc6 3. Nc3 d6 4. Bc4 Nf6 5. d3 g6 6. Be3 Bg7 7. Qd2 0-0 8. Bh6 Bg4 9. Bxg7 Kxg7 10. Qe3 Qb6 11. b3 Qb4 12. Qd2 Bxf3 13. gxf3 Nd4 14. a3 Nxf3+ 15. Kd1 Nxd2 16. axb4 Nxc4 17. bxc4 cxb4 18. Nb5 a6 19. Nd4 Ng4 20. Ke2 Ne5 21. f4 Nc6 22. Nf3 e5 23. fxe5 dxe5 24. Rhf1 Nd4+ 25. Nxd4 exd4 26. Ra4 a5 27. Rf4 Rfd8 28. Ra1 g5 29. Rf5 b6 30. Rxg5+ Kh6 31. Rg3 Rg8 32. Rh3+ Kg7 33. Rg3+ Kh8 34. Rxg8+ Kxg8 35. Rb1 Kf8 36. c3 dxc3 37. d4 c2 38. Rc1 b3 39. Kd2 b2 40. d5 bxc1Q+ 41. Kxc1 a4 42. Kxc2 a3 43. Kb1 a2+ 44. Ka1 Ke7 45. e5 h5 46. h4 Ra7 47. c5 bxc5 48. d6+ Kd7 49. Kb2 a1Q+ 50. Kc2 Ra2+ 51. Kb3 Rb2+ 52. Kc3 Qc1+ 53. Kd3 Rd2+ 54. Ke3 Qe1+ 55. Kf4 Rf2+ 56. Kg3 Qg1+ 57. Kh3 Rh2# 0-1

[Event "ROM-ch U08"]
[Site "Calimanesti Caciulata"]
[Date "2016.04.21"]
[Round "5"]
[White "Popescu, Stefan Adrian"]
[Black "Firuta, Rafael"]
[Result "0-1"]
[WhiteElo "1037"]
[BlackElo "1001"]
[PlyCount "100"]
[EventDate "2016.04.18"]
[EventType "swiss"]
[EventRounds "9"]
[EventCountry "ROU"]
[SourceTitle "CBM 172 Extra"]
[Source "ChessBase"]
[SourceDate "2016.06.21"]
[SourceVersion "1"]
[SourceVersionDate "2016.06.21"]
[SourceQuality "1"]

1. e4 c6 2. Nf3 d5 3. d3 dxe4 4. dxe4 Qxd1+ 5. Kxd1 e6 6. Nc3 Bd6 7. Be3 Nd7 8. Bd3 Ngf6 9. Nd2 0-0 10. f4 Ng4 11. Ke2 Nxe3 12. Kxe3 e5 13. fxe5 Bxe5 14. h3 c5 15. Nf3 Bc7 16. Rhf1 Ne5 17. Nxe5 Bxe5 18. Rab1 Bd4+ 19. Kd2 Be6 20. a3 c4 21. Be2 a6 22. b3 cxb3 23. cxb3 Rac8 24. Nd1 Rfd8 25. Ke1 Bc5 26. a4 Bd7 27. Bc4 Rf8 28. b4 Bd6 29. Bd5 b5 30. a5 Be6 31. Bxe6 fxe6 32. Rxf8+ Bxf8 33. Nb2 Bxb4+ 34. Kd1 Bxa5 35. g4 Rd8+ 36. Kc1 Bc7 37. Ra1 a5 38. Nd1 Rd4 39. e5 Re4 40. Nf2 Rxe5 41. Nd3 Re3 42. Nf2 Re1+ 43. Nd1 Rh1 44. Rb1 b4 45. Rb3 Rf1 46. Kc2 Rf8 47. Ne3 Rf3 48. Nc4 Rxb3 49. Kxb3 Kf7 50. Kc2 Kg6 0-1